Cultura musical /
Guardado en:
| Autor Principal: | |
|---|---|
| Otros Autores: | |
| Formato: | Libro |
| Publicado: |
Buenos Aires :
Cesarini,
1968
|
| Edición: | 7a. ed. |
| Materias: | |
| Etiquetas: |
Agregar Etiqueta
Sin Etiquetas, Sea el primero en etiquetar este registro!
|
| LEADER | 01950nam a22002295a 4500 | ||
|---|---|---|---|
| 001 | CEM.cems000969 | ||
| 005 | 20060213000000.0 | ||
| 008 | 130507s1968##################000#0#####d | ||
| 003 | CEMS | ||
| 082 | 0 | 4 | |a 780.7 |
| 100 | 1 | |a Benvenuto, E. L. | |
| 245 | 1 | 0 | |a Cultura musical / |c E. L. Benvenuto ; e. G. Benvenuto |
| 250 | |a 7a. ed. | ||
| 260 | |a Buenos Aires : |b Cesarini, |c 1968 | ||
| 300 | |a 223 p. | ||
| 500 | |a Responde a los programas en vigencia del Ciclo Superior del Magisterio, con coreografías folkloricas | ||
| 505 | 0 | |a Folklore nacional -- Caracteres del folklore nacional -- Características generales de las canciones y danzas nativas -- Canto o canción nativa -- Cartografía de melodías vocales -- Baguala -- Carnavalito -- Cifra -- Décima -- Estilo -- Huaino -- Milonga -- Tonada -- Triste -- Vidala -- Vidalita -- Villancico -- Yaravi -- El gaucho -- El payador -- Martín Fierro -- El recado del gaucho -- El mate -- La vivienda del gaucho -- Técnicas de construcción del rancho -- La carreta -- Danza folklorica -- Caracter histórico - geográfico de las danzas -- Historia universal de la música -- Edad contenporánea -- Impresionismo -- Música concreta -- Música electronica -- Música en Iberoamerica -- Orígenes de la música argentina -- Principales aborígenes de la Argentina -- Influencia de la conquista hispanica -- Los cantores populares -- Pedagogía musical -- Educación estética -- Educación estética musical - Educación estética musical folklorica -- Himno Nacional Argentino -- Marcha de San Lorenzo -- Canción del Estudiante -- Marcha del reservista -- Mi bandera -- Canción de Cámara -- Música religiosa | |
| 653 | |a Música | ||
| 700 | 1 | |a Benvenuto, E. G. | |
| 859 | |a CEMS |b BIB. CEMS - 11 de abril |h 780.7 |i B447-1a7 |p 11682.83 |t Ej.1 |v V |3 V | ||
| 859 | |a CEMS |b BIB. CEMS - 11 de abril |h 780.7 |i B447-1a7 |p 23539.06 |t Ej.2 |v V |3 V | ||
| 859 | |a CEMS |b BIB. CEMS - 11 de abril |h 780.7 |i B447-1a7 |p 25078.08 |t Ej.3 |v V |3 V | ||
